| 000 | 00474nam a22001817a 4500 | ||
|---|---|---|---|
| 999 |
_c524131 _d524131 |
||
| 003 | NUST | ||
| 005 | 20190617064518.0 | ||
| 038 | _aFaiza | ||
| 082 |
_a891.42 _bFAQ |
||
| 100 |
_aFaqir Muhammad Faqir, _914954 |
||
| 245 |
_aNely Tary / _cFaqir Muhammad Faqir. |
||
| 260 |
_aLahore : _bAziz Book Depot , _c1995. |
||
| 300 | _a80p ; | ||
| 500 | _aPaper Binding | ||
| 880 |
_6100-02\r _aفقیر محمد فقیر |
||
| 880 |
_6245-02\r _aنیلے تارے |
||
| 942 |
_2ddc _cBK |
||